|
|
|
|
| LEADER |
00000nam a2200000 a 4500 |
| 001 |
vtls001311657 |
| 003 |
SK-MaSNL |
| 005 |
20260302033018.0 |
| 008 |
240509s1997 xo r slo |
| 015 |
|
|
|a SNBA1998/03-01062
|
| 020 |
|
|
|a 8022806013
|
| 035 |
|
|
|a SNK000264037
|
| 035 |
|
|
|a urn:nbn:sk:snk-amyhua
|
| 035 |
|
|
|a urn:nbn:sk:snk-am00ckce
|
| 035 |
|
|
|a 595420D9-91BA-4772-8E78-81326D52502F
|
| 040 |
|
|
|a SNK
|b slo
|c SNK
|e AACR2
|
| 041 |
0 |
|
|a slo
|
| 044 |
|
|
|a xo
|c SK
|
| 080 |
|
|
|a 514.18(075.8)
|2 1981
|
| 100 |
1 |
|
|a Palajová, Helena
|4 aut
|9 12704
|
| 245 |
1 |
0 |
|a Deskriptívna geometria
|n 2.
|c Helena Palajová
|
| 250 |
|
|
|a 2. nezm. vyd.
|
| 260 |
|
|
|a Vo Zvolene
|b Technická univerzita
|c 1997
|
| 300 |
|
|
|a 243 s.
|b sch.
|c 29 cm
|
| 500 |
|
|
|a Ilustr. na tit. strane
|
| 504 |
|
|
|a Bibliogr. s. 241
|
| 650 |
0 |
7 |
|a deskriptívna geometria
|2 SNK
|9 831
|
| 655 |
|
7 |
|a Textbooks (higher)
|2 SNKPHeng
|9 276436
|
| 655 |
|
7 |
|a učebnice vysokých škôl
|2 SNKPH
|9 70191
|
| 752 |
|
|
|d Zvolen
|
| 919 |
|
|
|a 80-228-0601-3
|
| 958 |
|
|
|a TL
|
| 958 |
|
|
|a NB
|
| 958 |
|
|
|a UV
|
| 958 |
|
|
|a OND
|
| 999 |
|
|
|c 1059721
|d 1061651
|
| 952 |
|
|
|t P60, <09>, [BOOK], {629}
|a SNK
|b SNK
|y NEVYP
|7 0
|o snkB 1276
|i snk4732/971126
|0 0
|1 0
|4 0
|d 1997-11-25
|l 0
|r 2005-01-02 00:00:00
|w 2026-02-24
|
| 952 |
|
|
|t P60, <04>, [BOOK], {604}
|a SNK
|b SNK
|y VYP
|7 0
|p 17A0108672
|o snkSB 57934/2 D1
|i snkKSP 11647/97
|0 0
|1 0
|4 0
|d 1997-11-25
|l 0
|r 2005-01-02 00:00:00
|w 2026-02-24
|
| 952 |
|
|
|t P60, <03>, [BOOK], {603}
|a SNK
|b SNK
|y PREZ
|7 0
|p 17A0108673
|o snkSB 57934/2
|i snkKSP 11646/97
|0 0
|1 0
|4 0
|d 1997-11-25
|f 1
|l 0
|r 2005-01-02 00:00:00
|w 2026-02-24
|